000 01501nam a22003017a 4500
001 1471
005 20231002133834.0
020 _a9789995054069
040 _aFISKH
_beng
_cFISKH
_dFISKH
082 _a635.8
100 _aDary, Heng
245 _aការបណ្ដុះផ្សិតចំបើង /
250 _aបោះពុម្ពលើកទី ៧ ឧសភា​ ២០២២
260 _aPhnom Penh :
_bSipar,
_c2022.
300 _a40 pages :
_bcolor illustrations ;
_c29 cm
490 _aបំណិនជីវិត
505 _aZ'
520 _aបង្ហាញអំពីការរៀបចំដីសម្រាប់ការបណ្ដុះផ្សិតចំបើង រហូតដល់ការប្រមូលផល និងមានវិធីចម្អិនផ្សិតដើម្បីធ្វើម្ហូប សាមញ្ញៗសម្រាប់បរិភោគក្នុងគ្រួសារ។
520 _aIntroduce how to prepare the soil for growing straw mushrooms until harvest and how to cook mushrooms for simple home cooking.
521 _a1120
_bLexile estimate
521 _aZ'
_bRaz-Plus
650 _aផ្សិតចំបើង
_vដី​
_xប្រមូល
650 _aMushroom
_vSoil
_xHarvest
700 _aSophaleap, Nhoek
_cillustrator
700 _aRothnak, Srey
_cillustrator
700 _aSamphors, Try
_cillustrator
942 _2ddc
_cBK
_n0
999 _c1471
_d1471